00776nam a22001937a 4500003000900000008004100009020001800050040007100068082001700139100001700156245010100173260002600274300002800300505014700328650001300475650001300488650001300501710006800514AR-CdUCM190430b ||||| |||| 00| 0 spa d a84-89290-16-4 aMUNICIPALIDAD PROVINCIAL DEL CUSCOcBIBLIOTECA MUNICIPAL DEL CUSCO a305.8 /bF89 aFuentes Aldo aPor que las piedras no mueren :bHistoria, sociedad y ritos de lo Chayahuita del alto Amazonas / aLima :bCAAAP,c1988. a235 páginas ;c23 cm. aContenido : Notas sobre la historia y población de los Chayahuita -- Producción y patrones de subsistencia -- Organización social ...  aHistoria aSociedad aAmazonas aCentro Amazónico de antropología y aplicación practica